Statistics for Countries Based on a Portion of Their Name #1

Click here to take the quiz!

General Stats

  • This quiz has been taken 798 times
  • The average score is 17 of 24

Answer Stats

PortionCountry% Correct
DJIDjibouti
98%
RAQIraq
95%
VIEVietnam
91%
UXELuxembourg
89%
BWEZimbabwe
87%
IJIFiji
86%
GYPEgypt
86%
FGHAfghanistan
84%
EECGreece
79%
YPRCyprus
78%
BEKUzbekistan
78%
IUMBelgium
76%
JIKTajikistan
75%
YZSKyrgyzstan
75%
QUEMozambique
67%
PUAPapua New Guinea
66%
CHTLiechtenstein
61%
WITSwitzerland
55%
LIPPhilippines
51%
VESMaldives
42%
IJAAzerbaijan
37%
ORGGeorgia
37%
GASMadagascar
35%
ALLMarshall Islands
24%

Score Distribution

Percentile by Number Answered

Percent of People with Each Score

Your Score History

You have not taken this quiz